000 00505nam a2200193Ia 4500
003 OSt
005 20230506170110.0
008 210423s1999 xx 000 0 und d
040 _cAL
041 _aeng
082 _a954
_223
_bPARC
100 _aPAREHH (Bhibhu).
_999546
245 _aColonialism tradition and reform.
260 _aNew Delhi
_bSage Publications
_c1999
365 _b295
_cINR
650 _aHistory of India
_999547
906 _aColonialism ; reform. ; tradition
942 _2ddc
_cBK
999 _c171432
_d171432